§ 175

Saved in:  
Bibliographic Details
Main Author: Augstein-Thalacker, Renate (Adapter)
Corporate Author: Friedrich-Naumann-Stiftung (Other)
Format: Print Book
Language:German
Published: Bonn Verl. Liberal 1981
In:Year: 1981
Edition:1. Aufl.
Availability in Tübingen:Present in Tübingen.
IFK: E VIII 56
Check availability: HBZ Gateway
Subito Delivery Service: Order now.
Keywords:

MARC

LEADER 00000cam a22000002c 4500
001 020635176
003 DE-627
005 20260206195659.0
007 tu
008 920101s1981 xx ||||| 00| ||ger c
020 |a 3920590252  |9 3-920590-25-2 
035 |a (DE-627)020635176 
035 |a (DE-603)206737084 
035 |a (DE-576)033940452 
035 |a (DE-599)GBV020635176 
035 |a (OCoLC)830689438 
035 |a (OCoLC)22413194 
040 |a DE-627  |b ger  |c DE-627  |e rakwb 
041 |a ger 
084 |a MD 8000  |2 rvk  |0 (DE-625)rvk/122548: 
084 |a MF 9100  |2 rvk  |0 (DE-625)rvk/122806: 
084 |a QD 110  |2 rvk  |0 (DE-625)rvk/141285: 
245 0 0 |a § 175  |c [Bearb.: Renate Augstein-Thalacker ...] 
246 3 0 |a Paragraph 
246 3 0 |a einhundertfünfundsiebzig 
250 |a 1. Aufl. 
264 1 |a Bonn  |b Verl. Liberal  |c 1981 
300 |a 200 S  |b 4° 
336 |a Text  |b txt  |2 rdacontent 
337 |a ohne Hilfsmittel zu benutzen  |b n  |2 rdamedia 
338 |a Band  |b nc  |2 rdacarrier 
490 0 |a Dokumentation / Friedrich-Naumann-Stiftung 
583 1 |a Archivierung prüfen  |c 20240324  |f DE-4165  |z 1  |2 pdager 
583 1 |a Archivierung/Langzeitarchivierung gewährleistet  |c 20240722  |f NI-LastCopies  |x XA-DE-NI  |z Potenzieller Alleinbesitz Niedersachsen  |2 pdager  |5 DE-89 
689 0 0 |d s  |0 (DE-588)4037653-9  |0 (DE-627)104152249  |0 (DE-576)209025786  |a Marktwirtschaft  |2 gnd 
689 0 1 |d s  |0 (DE-588)4066512-4  |0 (DE-627)106113291  |0 (DE-576)209164883  |a Wirtschaftsreform  |2 gnd 
689 0 2 |d s  |0 (DE-588)4161483-5  |0 (DE-627)105469742  |0 (DE-576)209866152  |a Index  |2 gnd 
689 0 |5 DE-101 
700 1 |a Augstein-Thalacker, Renate  |e Bearb.  |0 (DE-627)1240707762  |0 (DE-576)170707768  |4 adp 
710 2 |a Friedrich-Naumann-Stiftung  |0 (DE-588)2010823-0  |0 (DE-627)101706545  |0 (DE-576)191655872  |4 oth 
935 |i Blocktest 
935 |h HEB  |i 0501 
935 |h HEB  |i 0503 
936 r v |a MD 8000  |b Allgemeines  |k Politologie  |k Politische Theorie, Grundbegriffe des Politischen  |k Politischer Wandel  |k Allgemeines  |0 (DE-627)1271425882  |0 (DE-625)rvk/122548:  |0 (DE-576)201425882 
936 r v |a MF 9100  |b Finanz- und Wirtschaftspolitik  |k Politologie  |k Politische Systeme: einzelne Elemente  |k Politische Sachgebiete  |k Finanz- und Wirtschaftspolitik  |0 (DE-627)1271432064  |0 (DE-625)rvk/122806:  |0 (DE-576)201432064 
936 r v |a QD 110  |b Kapitalismus. Liberalismus. Interventionismus. Wettbewerbsordnungssysteme  |k Wirtschaftswissenschaften  |k Allgemeine Wirtschaftspolitik. Wirtschaftssysteme  |k Wirtschaftssysteme  |k Kapitalismus. Liberalismus. Interventionismus. Wettbewerbsordnungssysteme  |0 (DE-627)1271068540  |0 (DE-625)rvk/141285:  |0 (DE-576)201068540 
936 s n |a m100  |2 mzub 
936 s n |a q100  |2 mzub 
951 |a BO 
ELC |b 1 
LOK |0 000 xxxxxcx a22 zn 4500 
LOK |0 001 3185697502 
LOK |0 003 DE-627 
LOK |0 004 020635176 
LOK |0 005 20020607000000 
LOK |0 008 930628||||||||||||||||ger||||||| 
LOK |0 040   |a DE-21-110  |c DE-627  |d DE-21-110 
LOK |0 852   |a DE-21-110 
LOK |0 852 1  |c E VIII 56  |m p  |9 00 
LOK |0 935   |a k110 
LOK |0 936ln  |a 9.5.2 
LOK |0 938   |k p 
LOK |0 939   |a 28-06-93  |b l01 
ORI |a SA-MARC-krimdoka001.raw 
SIG |a IFK: E VIII 56